Digital telephony (Record no. 3592)

000 -LEADER
fixed length control field 00571nam a2200217 a 4500
001 - CONTROL NUMBER
control field 3592
003 - CONTROL NUMBER IDENTIFIER
control field BD-DhUET
008 - FIXED-LENGTH DATA ELEMENTS--GENERAL INFORMATION
fixed length control field 900501s1991 nyua b 001 0 eng
020 ## - INTERNATIONAL STANDARD BOOK NUMBER
International Standard Book Number 0471620564
040 ## - CATALOGING SOURCE
Original cataloging agency DLC
Transcribing agency DLC
Modifying agency BD-DhUET
082 ## - DEWEY DECIMAL CLASSIFICATION NUMBER
Classification number 623.85
Item number BEL/1991
100 ## - MAIN ENTRY--PERSONAL NAME
Personal name Bellamy, John
245 10 - TITLE STATEMENT
Title Digital telephony
250 ## - EDITION STATEMENT
Edition statement 2nd ed.
260 ## - PUBLICATION, DISTRIBUTION, ETC. (IMPRINT)
Place of publication, distribution, etc. New York
Name of publisher, distributor, etc. John wiley & sons
Date of publication, distribution, etc. 1991
300 ## - PHYSICAL DESCRIPTION
Extent xix, 572 p.
Other physical details ill.
Dimensions 25 cm.
490 ## - SERIES STATEMENT
Series statement Wiley Series in telecommunications
504 ## - BIBLIOGRAPHY, ETC. NOTE
Bibliography, etc Includes bibliographies
650 #0 - SUBJECT ADDED ENTRY--TOPICAL TERM
Topical term or geographic name as entry element Digital telephony
942 ## - ADDED ENTRY ELEMENTS (KOHA)
Koha item type General Book
Holdings
Koha date last seen Copy number Lost status Source of classification or shelving scheme Sublocation or collection (holding branch) Damaged status Koha issues (times borrowed) Shelving location Piece designation (barcode) Koha item type Location (home branch) Withdrawn status Koha date last borrowed Koha normalized classification for sorting Not for loan Date acquired Price effective from Koha full call number
2016-02-061  Central Library, BUET 2Circulation section83618General BookCentral Library, BUET 2015-10-10623_000000000000000_85BEL1991 2014-11-022014-11-02623.85/BEL/1991
2017-08-262  Central Library, BUET  Circulation section83620General BookCentral Library, BUET  623_000000000000000_85BEL1991 2014-11-022014-11-02623.85/BEL/1991
2017-08-163  Central Library, BUET  Circulation section83623General BookCentral Library, BUET  623_000000000000000_85BEL1991 2014-11-022014-11-02623.85/BEL/1991
2024-02-204  Central Library, BUET 2Circulation section86339General BookCentral Library, BUET 2023-03-07623_850000000000000_BEL_1991 2014-11-022014-11-02623.85/BEL/1991
2015-07-015  Central Library, BUET  Reading section87594Reading ItemCentral Library, BUET  623_850000000000000_BEL_1991 2015-07-012015-07-01623.85/BEL/1991
2024-12-09ক-১  Central Library, BUET  Rental section83563Rental ItemCentral Library, BUET  623_850000000000000_BEL_1991 1992-06-062024-12-09623.85 BEL/1991
2024-12-09ক-২  Central Library, BUET  Rental section83564Rental ItemCentral Library, BUET  623_850000000000000_BEL_1991 1992-06-062024-12-09623.85 BEL/1991
2024-12-09ক-৩  Central Library, BUET  Rental section83565Rental ItemCentral Library, BUET  623_850000000000000_BEL_1991 1992-06-062024-12-09623.85 BEL/1991
2024-12-09ক-৪  Central Library, BUET  Rental section83566Rental ItemCentral Library, BUET  623_850000000000000_BEL_1991 1992-06-062024-12-09623.85 BEL/1991
2024-12-09ক-৫  Central Library, BUET  Rental section83567Rental ItemCentral Library, BUET  623_850000000000000_BEL_1991 1992-06-062024-12-09623.85 BEL/1991
2024-12-09ক-৬  Central Library, BUET  Rental section83568Rental ItemCentral Library, BUET  623_850000000000000_BEL_1991 1992-06-062024-12-09623.85 BEL/1991
2024-12-09ক-৭  Central Library, BUET  Rental section83569Rental ItemCentral Library, BUET  623_850000000000000_BEL_1991 1992-06-062024-12-09623.85 BEL/1991
2024-12-09ক-৮  Central Library, BUET  Rental section83570Rental ItemCentral Library, BUET  623_850000000000000_BEL_1991 1992-06-062024-12-09623.85 BEL/1991
2024-12-09ক-৯  Central Library, BUET  Rental section83571Rental ItemCentral Library, BUET  623_850000000000000_BEL_1991 1992-06-062024-12-09623.85 BEL/1991
2024-12-09ক-১০  Central Library, BUET  Rental section83572Rental ItemCentral Library, BUET  623_850000000000000_BEL_1991 1992-06-062024-12-09623.85 BEL/1991
2024-12-09ক-১১  Central Library, BUET  Rental section83573Rental ItemCentral Library, BUET  623_850000000000000_BEL_1991 1992-06-062024-12-09623.85 BEL/1991
2024-12-09ক-১২  Central Library, BUET  Rental section83574Rental ItemCentral Library, BUET  623_850000000000000_BEL_1991 1992-06-062024-12-09623.85 BEL/1991
2024-12-09ক-১৩  Central Library, BUET  Rental section83575Rental ItemCentral Library, BUET  623_850000000000000_BEL_1991 1992-06-062024-12-09623.85 BEL/1991
2024-12-09ক-১৪  Central Library, BUET  Rental section83576Rental ItemCentral Library, BUET  623_850000000000000_BEL_1991 1992-06-062024-12-09623.85 BEL/1991
2024-12-09ক-১৫  Central Library, BUET  Rental section83577Rental ItemCentral Library, BUET  623_850000000000000_BEL_1991 1992-06-062024-12-09623.85 BEL/1991